00344nam a22000977a 4500008004100000082001600041110003700057245009600094260004700190300000900237230620b xxu||||| |||| 00| 0 eng d a324.96bOWI bInstitute of Education Democracy aEnhancing the Electoral Process in KenyabA Report on the transition General Elections 2002 binstitute for education in Democracyc2003 a179p